书目信息 |
| 题名: |
大学生全脑学习法
|
|
| 作者: | 王华斌 著 | |
| 分册: | ||
| 出版信息: | 北京 中国时代经济出版社 2006 |
|
| 页数: | 23,214页 | |
| 开本: | 24cm | |
| 丛书名: | 王华斌全脑高效学习 | |
| 单 册: | ||
| 中图分类: | G642.46 | |
| 科图分类: | ||
| 主题词: | 大学生--学习方法 , 大学生 , 学习方法 | |
| 电子资源: | ||
| ISBN: | 7-80169-797-9 | |
| 000 | 00843oam2 2200265 450 | |
| 001 | 003074477 | |
| 005 | 20061117084537.56 | |
| 010 | @a7-80169-797-9@dCNY25.00 | |
| 100 | @a20060213d2006 em y0chiy0110 ea | |
| 101 | 0 | @achi |
| 102 | @aCN@b110000 | |
| 105 | @ay z 000yy | |
| 200 | 1 | @a大学生全脑学习法@9da xue sheng quan nao xue xi fa@f王华斌著 |
| 210 | @a北京@c中国时代经济出版社@d2006 | |
| 215 | @a23,214页@d24cm | |
| 225 | 2 | @a王华斌全脑高效学习 |
| 330 | @a本书阐述了大学生提高学习力的方法和技巧,共分十部分,包括:激活全脑学习潜能,全脑大学学习基本规律,提升五种心智能力等。 | |
| 461 | 0 | @12001 @a王华斌全脑高效学习 |
| 606 | 0 | @a大学生@x学习方法 |
| 606 | 0 | @a大学生 |
| 606 | 0 | @a学习方法 |
| 690 | @aG642.46@v4 | |
| 701 | 0 | @a王华斌@9wang hua bin@c(教育家)@4著 |
| 801 | 0 | @aCN@bNLC@c20061117 |
| 905 | @a10447@dG642.46@e253 | |
| 大学生全脑学习法/王华斌著.-北京:中国时代经济出版社,2006 |
| 23,214页;24cm.-(王华斌全脑高效学习) |
| ISBN 7-80169-797-9:CNY25.00 |
| 本书阐述了大学生提高学习力的方法和技巧,共分十部分,包括:激活全脑学习潜能,全脑大学学习基本规律,提升五种心智能力等。 |
| ● |
| 相关链接 |
|
|
|
|
正题名:大学生全脑学习法
索取号:G642.46/253
 
预约/预借
| 序号 | 登录号 | 条形码 | 馆藏地/架位号 | 状态 | 备注 |
| 1 | 0389428 | 203894287 | 第一样本阅览室/ [索取号:G642.46/253] | 在馆 | |
| 2 | 0389429 | 203894296 | 第四借阅区/ [索取号:G642.46/253] | 在馆 | |
| 3 | 0389430 | 203894303 | 第四借阅区/ [索取号:G642.46/253] | 在馆 | |
| 4 | 0389431 | 203894312 | 第四借阅区/ [索取号:G642.46/253] | 在馆 | |
| 5 | 0389432 | 203894321 | 第四借阅区/ [索取号:G642.46/253] | 在馆 |